Score 0/22 Timer 02:00
0 Plays Today
Name Missing Name % Correct
Tommy ______ JonesLee
93.3%
Catherine ______ -JonesZeta
92%
Alexander ______ BellGraham
90.5%
Mary ______ MooreTyler
84.5%
Lisa ______ PresleyMarie
83%
Sandra ______ O'ConnorDay
81%
Hillary ______ ClintonRodham
79.5%
Ralph ______ EmersonWaldo
78.5%
John ______ AdamsQuincy
77.9%
James ______ JonesEarl
74.3%
Jackie ______ OnassisKennedy
73.2%
Name Missing Name % Correct
Johann ______ BachSebastian
72.6%
Helena ______ CarterBonham
65.8%
Stevie ______ VaughanRay
65.6%
June ______ CashCarter
62.3%
Apolo ______ OhnoAnton
55.2%
Anthony ______ HallMichael
51.4%
Laura ______ WilderIngalls
48.6%
Evan ______ WoodRachel
43.8%
Oliver ______ HolmesWendell
42.2%
James ______ CooperFenimore
34.8%
John ______ AstorJacob
26.5%

Today's Daily Dose

Remove Ads.
Support Sporcle.
Get the best of Sporcle when you Go Orange. This ad-free experience offers more features, more stats, and more fun while also helping to support Sporcle. Thank you for becoming a member.

You're not logged in!

Compare scores with friends on all Sporcle quizzes.
OR
Log In

Show Comments

Extras

Top Quizzes Today


Score Distribution

Your Account Isn't Verified!

In order to create a playlist on Sporcle, you need to verify the email address you used during registration. Go to your Sporcle Settings to finish the process.

Report this User

Report this user for behavior that violates our Community Guidelines.

Details: